000 00771nam a2200265Ia 4500
003 OSt
005 20221006142544.0
006 a|||||r|||| 00| 0
007 ta
008 221006b |||||||| |||| 00| 0 eng d
020 _c822.20
024 _a6,587
037 _cTextual
040 _aEASL
_cEASL
_beng
041 _2eng
_aeng
082 _aY:44.41.N89, N0
100 _aLipman Jonathan N. Ed.
_9647925
245 0 _aViolence in China
_b Essays in culture and counterculture
260 _aNew York
_bState University of New Press
_c1990
300 _a249p.
_ccm.
490 _v CEL
700 _a Harrell Stevan Ed.
_9135228
942 _hY:44.41.N89, N0
_cTEXL
_2CC
999 _c1074673
_d1074673